<?xml version="1.0" encoding="UTF-8"?><?xml-stylesheet type="text/xsl" href="static/style.xsl"?><OAI-PMH xmlns="http://www.openarchives.org/OAI/2.0/" xmlns:xsi="http://www.w3.org/2001/XMLSchema-instance" xsi:schemaLocation="http://www.openarchives.org/OAI/2.0/ http://www.openarchives.org/OAI/2.0/OAI-PMH.xsd"><responseDate>2026-04-13T06:57:32Z</responseDate><request verb="GetRecord" identifier="oai:www.recercat.cat:2445/107538" metadataPrefix="marc">https://recercat.cat/oai/request</request><GetRecord><record><header><identifier>oai:recercat.cat:2445/107538</identifier><datestamp>2025-12-05T10:30:42Z</datestamp><setSpec>com_2072_1057</setSpec><setSpec>col_2072_478770</setSpec><setSpec>col_2072_478917</setSpec></header><metadata><record xmlns="http://www.loc.gov/MARC21/slim" xmlns:dcterms="http://purl.org/dc/terms/" xmlns:xsi="http://www.w3.org/2001/XMLSchema-instance" xmlns:doc="http://www.lyncode.com/xoai" xsi:schemaLocation="http://www.loc.gov/MARC21/slim http://www.loc.gov/standards/marcxml/schema/MARC21slim.xsd">
   <leader>00925njm 22002777a 4500</leader>
   <datafield ind2=" " ind1=" " tag="042">
      <subfield code="a">dc</subfield>
   </datafield>
   <datafield ind2=" " ind1=" " tag="720">
      <subfield code="a">Izard, Miquel, 1934-</subfield>
      <subfield code="e">author</subfield>
   </datafield>
   <datafield ind2=" " ind1=" " tag="260">
      <subfield code="c">2017-02-28T12:38:16Z</subfield>
   </datafield>
   <datafield ind2=" " ind1=" " tag="260">
      <subfield code="c">2017-02-28T12:38:16Z</subfield>
   </datafield>
   <datafield ind2=" " ind1=" " tag="260">
      <subfield code="c">1998</subfield>
   </datafield>
   <datafield ind2=" " ind1=" " tag="260">
      <subfield code="c">2017-02-28T12:38:16Z</subfield>
   </datafield>
   <datafield ind2=" " ind1=" " tag="520">
      <subfield code="a">La gente de Dominicana ha sido víctima, en los últimos 505 años, de cuatro canalladas, fue tan dantesca la violencia perpetrada por los agresores que las mujeres, desesperadas, acudieron al último recurso, negarse a parir y no reponer a los fallecidos, desapareciendo los nativos en pocas décadas; lo que motivó la segunda, llenar el vacío con esclavos africanos. Como detallaré la colonia devino otra cimarronera, conformada en esencia por africanos e hijos de la violencia sexual, y el blancaje gobernante ejecutó la tercera, negar la negritud; para ello puso en marcha la cuarta, forja del mito hispanico, grotesco embeleco culminado, 1992, con el Faro de Colón; idea original, 1852, de del Monte y Tejada autor, cómo no, del primer compendio de historia nacional. El faraónico monumento - costo y número de obreros muertos son secreto de estado celosamente guardado - es pura bravuconería, extravagancia u homenaje a la nada, desproporcionada y ciclópea cruz para albergar el sepulcro de Colón y un minimuseo de vaciedades.</subfield>
   </datafield>
   <datafield tag="653" ind2=" " ind1=" ">
      <subfield code="a">Antropologia social</subfield>
   </datafield>
   <datafield tag="653" ind2=" " ind1=" ">
      <subfield code="a">Història</subfield>
   </datafield>
   <datafield tag="653" ind2=" " ind1=" ">
      <subfield code="a">República Dominicana</subfield>
   </datafield>
   <datafield tag="653" ind2=" " ind1=" ">
      <subfield code="a">Social anthropology</subfield>
   </datafield>
   <datafield tag="653" ind2=" " ind1=" ">
      <subfield code="a">History</subfield>
   </datafield>
   <datafield tag="653" ind2=" " ind1=" ">
      <subfield code="a">Dominican Republic</subfield>
   </datafield>
   <datafield ind2="0" ind1="0" tag="245">
      <subfield code="a">Cabello planchado, origen negado</subfield>
   </datafield>
</record></metadata></record></GetRecord></OAI-PMH>